| 000 | 00478pam a2200181 a 4500 | ||
|---|---|---|---|
| 020 | _c2509.185 (PB) | ||
| 041 |
_aeng _hNULL |
||
| 082 |
_a616.042 _bNUS/MCI |
||
| 100 | _aNUSSBAUM , R . | ||
| 245 |
_aTHOMPSON & THOMPSON GENETICS MEDICINE / _cNULL. _hTextual Documents |
||
| 260 |
_aNULL : _bSAUNDERS , _c2004. |
||
| 300 |
_a444 : _bxi ; _cA4 . |
||
| 365 | _a2509.185 | ||
| 700 | _aMCINNES , R . | ||
| 930 | _a464 | ||
| 999 |
_c795000 _d795000 |
||
| 650 | _aGEN.MEDICINE | ||